00639 2200229 4500001002100000005001700021008004100038020001800079035002500097040001200122082001300134084001900147100002100166245007700187250001100264260003100275300003000306650002900336700001100365850001200376990002100388INLIS00000000001956520160429141345.0  a979-963-924-7 a0010-041600000000569 aYOPDYOG a915.9851 a915.9851 Ket P aKETUT ROSMANDANA aPeta lengkap wisata kuliner di Balic/ Ketut Rosmandana ; editor Lilies. aCet.1. aYogyakartabEkspresic2009 a79 hlm.b: ilus.c; 20 cm aIndustri pariwisata-Bali aLilies aYOPDYOG a1153-RBM/PD/A.16